[Event "TUR-chT"]
[Site "Kocaeli"]
[Date "2014.08.26"]
[Round "10.5"]
[White "Gulbas, Cemil"]
[Black "Genc, Cihan Sevinc"]
[Result "1-0"]
[WhiteElo "2365"]
[BlackElo "2213"]
[PlyCount "105"]
[EventDate "2014.08.18"]
[EventType "team-tourn"]
[EventRounds "13"]
[EventCountry "TUR"]
[SourceTitle "CBM 162 Extra"]
[Source "ChessBase"]
[SourceDate "2014.10.17"]
[SourceVersion "1"]
[SourceVersionDate "2014.10.17"]
[SourceQuality "1"]
[WhiteTeam "Hatay Buyuksehir"]
[BlackTeam "Turk Hava Yollari"]
[WhiteTeamCountry "TUR"]
[BlackTeamCountry "TUN"]

1. e4 e6 2. d4 d5 3. Nc3 Bb4 4. e5 c5 5. a3 Bxc3+ 6. bxc3 Qc7 7. Nf3 Nc6 8. Be2 Bd7 9. 0-0 Nge7 10. Re1 c4 11. Bf1 0-0-0 12. g3 h6 13. h4 Rdg8 14. Bg2 h5 15. Ng5 Nd8 16. a4 f6 17. Nf3 Ng6 18. Ba3 Nf7 19. Qe2 Nh6 20. a5 Re8 21. Bd6 Qd8 22. a6 b6 23. Nd2 Bb5 24. Qxh5 fxe5 25. Bxe5 Nxe5 26. Qxe5 Rhg8 27. Reb1 Qd7 28. Nf3 Nf7 29. Qe3 Ba4 30. Ne5 Nxe5 31. Qxe5 Bxc2 32. Rb2 Bf5 33. Ra5 Qc7 34. Rxd5 exd5 35. Qxf5+ Qd7 36. Qg5 Re1+ 37. Kh2 Rge8 38. Bxd5 R8e7 39. Rb4 b5 40. Bb7+ Kd8 41. Rxb5 R1e6 42. Rc5 Rf6 43. Kg2 Qe6 44. Rc8+ Qxc8 45. Bxc8 Kxc8 46. Qb5 Rb6 47. Qxc4+ Kd7 48. Qa4+ Kd8 49. c4 Ree6 50. c5 Rxa6 51. Qc4 Rf6 52. d5 Ra5 53. d6 1-0

[Event "TUR-chT"]
[Site "Kocaeli"]
[Date "2014.08.18"]
[Round "1.3"]
[White "Genc, Cihan Sevinc"]
[Black "Ertan, Can"]
[Result "0-1"]
[WhiteElo "2213"]
[BlackElo "2246"]
[PlyCount "164"]
[EventDate "2014.08.18"]
[EventType "team-tourn"]
[EventRounds "13"]
[EventCountry "TUR"]
[SourceTitle "CBM 162 Extra"]
[Source "ChessBase"]
[SourceDate "2014.10.17"]
[SourceVersion "1"]
[SourceVersionDate "2014.10.17"]
[SourceQuality "1"]
[WhiteTeam "Turk Hava Yollari"]
[BlackTeam "Antalya Calli"]
[WhiteTeamCountry "TUN"]
[BlackTeamCountry "TUR"]

1. d4 Nf6 2. c4 e6 3. Nf3 b6 4. Nc3 Bb4 5. Bg5 Bb7 6. Qc2 h6 7. Bh4 g5 8. Bg3 Ne4 9. e3 d6 10. Bd3 Bxc3+ 11. bxc3 f5 12. d5 Na6 13. Nd4 Nac5 14. Nxe6 Nxe6 15. dxe6 Qf6 16. f3 Nxg3 17. hxg3 Rf8 18. 0-0-0 Qxe6 19. Qa4+ Kd8 20. e4 fxe4 21. Rhe1 Qd7 22. Qxd7+ Kxd7 23. Bxe4 Bxe4 24. Rxe4 Rae8 25. Rde1 Rxe4 26. Rxe4 Rf5 27. g4 Rf4 28. Rd4 Rf8 29. Rd1 Re8 30. Kd2 Re5 31. Kd3 Ra5 32. Rd2 Kc6 33. g3 d5 34. f4 dxc4+ 35. Ke4 Rb5 36. f5 Rb1 37. f6 Rf1 38. Ke5 b5 39. Ke6 a5 40. f7 b4 41. Ke7 Kc5 42. cxb4+ axb4 43. f8Q Rxf8 44. Kxf8 c3 45. Rf2 Kd4 46. Kg7 c5 47. Kxh6 c4 48. Kxg5 b3 49. Rf4+ Kc5 50. axb3 cxb3 51. Rf5+ Kb4 52. Rf4+ Ka3 53. Rc4 c2 54. Kf6 b2 55. Rxc2 b1Q 56. Rc3+ Ka2 57. Rf3 Qb8 58. Rf4 Qf8+ 59. Kg6 Qe8+ 60. Kf6 Qd8+ 61. Kf5 Qd3+ 62. Kg5 Kb3 63. Kf6 Qxg3 64. Kf5 Qh3 65. Kg6 Qh4 66. Kf5 Qh7+ 67. Kf6 Qh8+ 68. Kf5 Qf8+ 69. Kg5 Qg7+ 70. Kf5 Qh7+ 71. Kf6 Qh4+ 72. Kf5 Qh3 73. Kf6 Qe3 74. Kf5 Qc5+ 75. Kf6 Qd6+ 76. Kf5 Kc3 77. g5 Kd3 78. g6 Ke3 79. Re4+ Kf3 80. Re5 Qf8+ 81. Ke6 Kf4 82. Rh5 Qg7 0-1

[Event "TUR-chT"]
[Site "Denizli"]
[Date "2013.07.08"]
[Round "11.5"]
[White "Genc, Cihan Sevinc"]
[Black "Klinova, Masha"]
[Result "1-0"]
[WhiteElo "2202"]
[BlackElo "2322"]
[PlyCount "187"]
[EventDate "2013.06.29"]
[EventType "team-tourn"]
[EventRounds "13"]
[EventCountry "TUR"]
[SourceTitle "CBM 155 Extra"]
[Source "ChessBase"]
[SourceDate "2013.08.26"]
[SourceVersion "1"]
[SourceVersionDate "2013.08.26"]
[SourceQuality "1"]
[WhiteTeam "Er Bakir"]
[BlackTeam "Istanbul Teknik Uni"]
[WhiteTeamCountry "TUR"]
[BlackTeamCountry "TUR"]

1. c4 e5 2. Nc3 Nc6 3. g3 g6 4. Bg2 Bg7 5. d3 d6 6. Rb1 a5 7. a3 f5 8. e3 Nf6 9. Nge2 0-0 10. 0-0 Ne7 11. f4 c6 12. b4 axb4 13. axb4 exf4 14. Nxf4 g5 15. Nfe2 d5 16. cxd5 Nexd5 17. Nxd5 Nxd5 18. e4 Nc7 19. Bb2 Be6 20. Bxg7 Kxg7 21. Ra1 Nb5 22. Rxa8 Qxa8 23. Qc1 Qd8 24. Qc5 Qd6 25. Qxd6 Nxd6 26. Nd4 Bc8 27. e5 Ne8 28. b5 c5 29. Nb3 b6 30. d4 Bd7 31. dxc5 Bxb5 32. cxb6 Bxf1 33. Kxf1 f4 34. Be4 fxg3+ 35. Kg2 Nf6 36. exf6+ Rxf6 37. b7 Rb6 38. Nc5 gxh2 39. Kxh2 Rb2+ 40. Kg1 h5 41. Nd7 Kf7 42. b8Q Rxb8 43. Nxb8 Ke6 44. Nc6 Kd6 45. Kf2 Ke6 46. Ke3 h4 47. Kf3 Kf6 48. Kg4 h3 49. Kxh3 g4+ 50. Kxg4 Ke6 51. Kf4 Kd6 52. Kf5 Kc5 53. Ke5 Kc4 54. Kd6 Kc3 55. Kc5 Kb3 56. Kd4 Kb2 57. Kc4 Ka2 58. Kc3 Ka1 59. Nd4 Ka2 60. Nb3 Ka3 61. Bb1 Ka4 62. Bd3 Ka3 63. Nd4 Ka2 64. Bf5 Ka1 65. Be6 Kb1 66. Bd5 Ka1 67. Be6 Kb1 68. Nc2 Kc1 69. Ba2 Kd1 70. Kd3 Kc1 71. Kc3 Kd1 72. Bc4 Kc1 73. Bg8 Kb1 74. Bh7 Ka2 75. Bg6 Kb1 76. Nd4+ Ka1 77. Nb3+ Ka2 78. Bf5 Ka3 79. Bb1 Ka4 80. Nd4 Ka3 81. Nb5+ Ka4 82. Kc4 Ka5 83. Kc5 Ka4 84. Bc2+ Ka5 85. Bd1 Ka6 86. Nd6 Ka5 87. Nb7+ Ka6 88. Kc6 Ka7 89. Be2 Kb8 90. Nd6 Ka7 91. Kc7 Ka8 92. Bd3 Ka7 93. Nc8+ Ka8 94. Be4# 1-0

[Event "TUR-chT"]
[Site "Denizli"]
[Date "2013.07.07"]
[Round "10.5"]
[White "Bayram, Yakup"]
[Black "Genc, Cihan Sevinc"]
[Result "1/2-1/2"]
[WhiteElo "2271"]
[BlackElo "2202"]
[PlyCount "67"]
[EventDate "2013.06.29"]
[EventType "team-tourn"]
[EventRounds "13"]
[EventCountry "TUR"]
[SourceTitle "CBM 155 Extra"]
[Source "ChessBase"]
[SourceDate "2013.08.26"]
[SourceVersion "1"]
[SourceVersionDate "2013.08.26"]
[SourceQuality "1"]
[WhiteTeam "Tarsus Zeka"]
[BlackTeam "Er Bakir"]
[WhiteTeamCountry "TUR"]
[BlackTeamCountry "TUR"]

1. d4 Nf6 2. c4 e6 3. Nf3 Bb4+ 4. Bd2 a5 5. g3 d6 6. Bg2 Nbd7 7. 0-0 e5 8. b3 0-0 9. Bc1 exd4 10. Bb2 Re8 11. Nxd4 c6 12. a3 Bc5 13. Nc3 Nb6 14. Qd3 d5 15. cxd5 Nbxd5 16. Nxd5 Nxd5 17. h3 Nf6 18. Rad1 Qe7 19. a4 Bxd4 20. Qxd4 Be6 21. Bc3 Bxb3 22. Rb1 Red8 23. Qh4 Bd5 24. e4 Bc4 25. e5 Bxf1 26. exf6 Qc5 27. Be4 h5 28. Re1 Qxc3 29. Qxh5 g6 30. Bxg6 Qxf6 31. Qh7+ Kf8 32. Bxf7 Qxf7 33. Qh8+ Qg8 34. Qf6+ 1/2-1/2

[Event "TUR-chT"]
[Site "Konya"]
[Date "2012.07.22"]
[Round "13"]
[White "Bayram, Yakup"]
[Black "Genc, Cihan Sevinc"]
[Result "1/2-1/2"]
[WhiteElo "2281"]
[BlackElo "2203"]
[PlyCount "21"]
[EventDate "2012.07.11"]
[EventType "team-tourn"]
[EventRounds "13"]
[EventCountry "TUR"]
[SourceTitle "CBM 149 Extra"]
[Source "ChessBase"]
[SourceDate "2012.08.24"]
[SourceVersion "1"]
[SourceVersionDate "2012.08.24"]
[SourceQuality "1"]
[WhiteTeam "Tarsus Zeka"]
[BlackTeam "Denizli Er Bakir"]
[WhiteTeamCountry "TUR"]
[BlackTeamCountry "TUR"]

1. d4 d5 2. c4 e6 3. Nc3 Nf6 4. cxd5 exd5 5. Bg5 Be7 6. Qc2 0-0 7. e3 c6 8. Bd3 Nbd7 9. Nge2 Re8 10. 0-0 Nf8 11. a3 1/2-1/2

[Event "TUR-chT"]
[Site "Konya"]
[Date "2012.07.15"]
[Round "5"]
[White "Genc, Cihan Sevinc"]
[Black "Aghamaliyev, Cemil"]
[Result "0-1"]
[WhiteElo "2203"]
[BlackElo "2518"]
[PlyCount "53"]
[EventDate "2012.07.11"]
[EventType "team-tourn"]
[EventRounds "13"]
[EventCountry "TUR"]
[SourceTitle "CBM 149 Extra"]
[Source "ChessBase"]
[SourceDate "2012.08.24"]
[SourceVersion "1"]
[SourceVersionDate "2012.08.24"]
[SourceQuality "1"]
[WhiteTeam "Denizli Er Bakir"]
[BlackTeam "Istanbul Pera"]
[WhiteTeamCountry "TUR"]
[BlackTeamCountry "TUR"]

1. d4 Nf6 2. Nf3 g6 3. c4 Bg7 4. g3 0-0 5. Bg2 d6 6. 0-0 Nbd7 7. Nc3 e5 8. h3 exd4 9. Nxd4 Re8 10. e4 Nc5 11. Re1 h6 12. Rb1 Bd7 13. b4 Ne6 14. Nf3 a5 15. a3 axb4 16. axb4 Bc8 17. Bb2 c6 18. b5 Qc7 19. Na4 cxb5 20. cxb5 Bd7 21. e5 dxe5 22. Bxe5 Qd8 23. Nc3 Nc5 24. Qd4 Rc8 25. Rbd1 Bf5 26. Nd5 Qxd5 27. Bxf6 0-1

[Event "TUR-chT"]
[Site "Konya"]
[Date "2011.07.08"]
[Round "12"]
[White "Genc, Cihan Sevinc"]
[Black "Sirin, Atakan"]
[Result "0-1"]
[WhiteElo "2213"]
[BlackElo "2230"]
[PlyCount "62"]
[EventDate "2011.06.28"]
[EventType "team-swiss"]
[EventRounds "13"]
[EventCountry "TUR"]
[SourceTitle "CBM 143 Extra"]
[Source "ChessBase"]
[SourceDate "2011.08.29"]
[SourceVersion "1"]
[SourceVersionDate "2011.08.29"]
[SourceQuality "1"]
[WhiteTeam "Turk Hava Yollari"]
[BlackTeam "Manisa Doruk Koleji"]
[WhiteTeamCountry "TUR"]
[BlackTeamCountry "TUR"]

1. Nf3 d5 2. d4 Nf6 3. c4 e6 4. Nc3 c6 5. Bg5 Nbd7 6. cxd5 exd5 7. e3 Be7 8. Bd3 0-0 9. 0-0 h6 10. Bf4 Nh5 11. Bg3 Nxg3 12. hxg3 Nf6 13. Qc2 Bd6 14. Rfd1 Bg4 15. e4 dxe4 16. Nxe4 Nxe4 17. Bxe4 Qb6 18. Rd3 Be6 19. Rad1 f5 20. d5 fxe4 21. Rb3 Qc7 22. dxe6 exf3 23. Rbd3 Rad8 24. gxf3 Qe7 25. Qc4 Kh8 26. f4 Rf6 27. Re1 Re8 28. Rde3 Bc7 29. Qe4 Ba5 30. b4 Qxb4 31. Qe5 Rfxe6 0-1

[Event "TUR-chT"]
[Site "Konya"]
[Date "2011.07.07"]
[Round "11"]
[White "Reyhan, Dogan Heval"]
[Black "Genc, Cihan Sevinc"]
[Result "1-0"]
[WhiteElo "2343"]
[BlackElo "2213"]
[PlyCount "60"]
[EventDate "2011.06.28"]
[EventType "team-swiss"]
[EventRounds "13"]
[EventCountry "TUR"]
[SourceTitle "CBM 143 Extra"]
[Source "ChessBase"]
[SourceDate "2011.08.29"]
[SourceVersion "1"]
[SourceVersionDate "2011.08.29"]
[SourceQuality "1"]
[WhiteTeam "Celikkol Turizm Pamukkale"]
[BlackTeam "Turk Hava Yollari"]
[WhiteTeamCountry "TUR"]
[BlackTeamCountry "TUR"]

1. e4 e6 2. d4 d5 3. Nc3 Nf6 4. Bg5 Be7 5. e5 Nfd7 6. h4 a6 7. Qg4 Kf8 8. Nf3 c5 9. dxc5 Nc6 10. Bf4 h5 11. Qh3 Nxc5 12. g4 Qb6 13. 0-0-0 Qb4 14. Qg3 Na4 15. Nxa4 Qxa4 16. a3 Bxa3 17. bxa3 Qxa3+ 18. Kd2 Qb4+ 19. Ke2 Qe4+ 20. Kd2 Qb4+ 21. c3 Qb2+ 22. Ke1 Qxc3+ 23. Bd2 Qc2 24. gxh5 Rxh5 25. Rg1 g6 26. Bd3 Qa4 27. Rc1 Bd7 28. Bc2 Qb5 29. Bxg6 fxg6 30. Qxg6 Nxe5 1-0

[Event "TUR-chT"]
[Site "Konya"]
[Date "2011.07.04"]
[Round "8"]
[White "Genc, Cihan Sevinc"]
[Black "Dogan, Ali Ekber"]
[Result "0-1"]
[WhiteElo "2213"]
[BlackElo "2130"]
[PlyCount "56"]
[EventDate "2011.06.28"]
[EventType "team-swiss"]
[EventRounds "13"]
[EventCountry "TUR"]
[SourceTitle "CBM 143 Extra"]
[Source "ChessBase"]
[SourceDate "2011.08.29"]
[SourceVersion "1"]
[SourceVersionDate "2011.08.29"]
[SourceQuality "1"]
[WhiteTeam "Turk Hava Yollari"]
[BlackTeam "Yesilkoy"]
[WhiteTeamCountry "TUR"]
[BlackTeamCountry "TUR"]

1. Nf3 Nf6 2. d4 g6 3. c4 Bg7 4. Nc3 d6 5. g3 0-0 6. Bg2 Nbd7 7. 0-0 e5 8. e4 exd4 9. Nxd4 Re8 10. Re1 Nc5 11. h3 c6 12. Qc2 a5 13. Be3 a4 14. Rad1 Qa5 15. f4 Qb4 16. a3 Qa5 17. f5 Nfd7 18. Qf2 Nb6 19. Bf1 Nbd7 20. Bf4 Ne5 21. g4 Bd7 22. Be2 Qb6 23. Rd2 Rad8 24. Be3 Qa6 25. f6 Bf8 26. Qh4 Ne6 27. Bh6 Nxd4 28. Bxf8 Ndf3+ 0-1

[Event "TUR-chT"]
[Site "Konya"]
[Date "2010.07.02"]
[Round "5"]
[White "Genc, Cihan Sevinc"]
[Black "Salepci, Osman Firat"]
[Result "1/2-1/2"]
[WhiteElo "2205"]
[BlackElo "2130"]
[PlyCount "71"]
[EventDate "2010.06.29"]
[EventType "team-tourn"]
[EventRounds "13"]
[EventCountry "TUR"]
[SourceTitle "CBM 137 Extra"]
[Source "ChessBase"]
[SourceDate "2010.09.01"]
[SourceVersion "1"]
[SourceVersionDate "2010.09.01"]
[SourceQuality "1"]

1. c4 Nf6 2. Nf3 g6 3. d4 c5 4. d5 Bg7 5. Nc3 d6 6. e4 0-0 7. Be2 Bg4 8. 0-0 Nbd7 9. h3 Bxf3 10. Bxf3 Ne8 11. Be2 e5 12. dxe6 fxe6 13. f4 Bd4+ 14. Kh1 Nb8 15. Bg4 Qe7 16. f5 Nc6 17. fxe6 Rxf1+ 18. Qxf1 Bxc3 19. bxc3 Ng7 20. Qd3 Ne5 21. Qe2 h5 22. Bf3 Rf8 23. Bh6 Kh7 24. Be3 Qxe6 25. Kh2 Nxc4 26. Bf2 Ne5 27. Rd1 Qf6 28. Bg3 Ne8 29. Rf1 h4 30. Be1 Ng7 31. Rf2 Ne6 32. Bg4 Nf4 33. Qd1 g5 34. Bf5+ Kh6 35. Rf1 Nc4 36. Qf3 1/2-1/2